Κατάρτιση Marketing Plan Supermarket στην Περιοχή της Πελασγίας. (Record no. 8588)
[ view plain ]
| 000 -LEADER | |
|---|---|
| fixed length control field | 01719cam a22001934a 4500 |
| 005 - ΗΜΕΡΟΜΗΝΙΑ ΚΑΙ ΩΡΑ ΤΕΛΕΥΤΑΙΑΣ ΕΝΗΜΕΡΩΣΗΣ | |
| Πεδίο ελέγχου | 20250605165244.0 |
| 008 - FIXED-LENGTH DATA ELEMENTS--GENERAL INFORMATION | |
| Πεδίο ελέγχου σταθερού μήκους | 250528s ||||||||||||||||||||||||d |
| 035 ## - SYSTEM CONTROL NUMBER | |
| System control number | 23587 |
| 040 ## - ΠΗΓΗ ΚΑΤΑΛΟΓΟΓΡΑΦΗΣΗΣ | |
| Φορέας πρωτότυπης καταλογογράφησης | MC Athens Campus Library |
| Γλώσσα καταλογογράφησης | Ελληνικά, Μοντέρνα (1453-) |
| Modifying agency | MC Athens Campus Library |
| Κανόνες περιγραφικής καταλογογράφησης | AACR2 |
| 245 1# - ΤΙΤΛΟΣ ΚΑΙ ΔΗΛΩΣΗ ΥΠΕΥΘΥΝΟΤΗΤΑΣ | |
| Τίτλος | Κατάρτιση Marketing Plan Supermarket στην Περιοχή της Πελασγίας. |
| 260 ## - PUBLICATION, DISTRIBUTION, ETC. | |
| Date of publication, distribution, etc. | 2013 |
| 300 ## - PHYSICAL DESCRIPTION | |
| Extent | 65 |
| 520 ## - SUMMARY, ETC. | |
| Summary, etc. | Εισαγωγή, Ορισμοί Μαρκετινγκ, Μίγμα Μαρκετινγκ, Ορισμός Σχεδίου Μαρκετινγκ, Χρησιμότητα Σχεδίου Μαρκετινγκ, Το Περιβάλλον του Μαρκετινγ μιας Επιχείρησης, Το Μακροπεριβάλλον Μικροπεριβάλλον μιας Επιχείρησεις, οι Δυνάμεις - Ομάδες του Άμεσου Επιχειρησιακόυ Περιβάλλοντος, οι Δυνάμεις του Εξωτερικού Περιβάλλοντος, το Άμεσο Επιχειρησιακό Περιβάλλον, SWOT Analysis, Σκοπός και Στόχοι Μαρκετινγκ, Στρατηγική Μαρκετινγκ, Προσδιορισμός Αγοράς Στόχου (Target Group), Τακτική Μαρκετινγκ Πρόγραμμα Ενεργειών, Προϊόντα (ή Υπηρεσία) PRODUCT, Τόπος PLACE, Τιμή PRICE, Προώθηση PROMOTION, Πρόβλεψη Αναμενόμενου Αποτελέσματος και Έλεγχος, Συμπεράσματα, Βιβλιογραφία. |
| 700 1# - ΠΡΟΣΘΕΤΗ ΑΝΑΓΡΑΦΗ--ΦΥΣΙΚΟ ΠΡΟΣΩΠΟ | |
| Personal name | Θεοδωρόπουλος Ανδρέας |
| 9 (RLIN) | 3878 |
| 700 1# - ΠΡΟΣΘΕΤΗ ΑΝΑΓΡΑΦΗ--ΦΥΣΙΚΟ ΠΡΟΣΩΠΟ | |
| Personal name | Κορτιμανίτση Μαρία |
| 9 (RLIN) | 9174 |
| 942 ## - ADDED ENTRY ELEMENTS (KOHA) | |
| Koha item type | Διπλωματική εργασία |
| Τύπος τεκμηρίου | Βιβλιοθήκη | Τρέχουσα τοποθεσία | Barcode | Ημερομηνία απόκτησης | Ταξιθετικό σύμβολο | Αριθμός αντιτύπου | Κατάσταση απόσυρσης | Κατάσταση χαμένου | Κατάσταση κατεστραμμένου | Μη δανεισμός | Σύνολο δανεισμών | Ημερομηνία τελευταίας εμφάνισης | Η τιμή ισχύει από |
|---|---|---|---|---|---|---|---|---|---|---|---|---|---|
| Διπλωματική εργασία | MC Athens Campus Library | MC Athens Campus Library | 9780000085870 | 05/06/2025 | BUS 2013 (31) | 1 | 05/06/2025 | 05/06/2025 |